Skip to main content
Your cart is empty.
Your lists
Log in to create your own lists
Your cookies
العربية
English
العربية
Home
Search
Advanced search
Authority search
About
The noble scholar, jurist, historian
His Excellency Dr. Abdul Wahhab bin Ibrahim Abu Sulaiman, may Allah have mercy on him.
He was born in Umm Al-Qura in the year 1356 AH.
Library catalog
Title
Author
Subject
ISBN
ISSN
Series
Call number
Log in to your account
×
Login:
Password:
Home
MARC view: كتاب العفو والاعتذار /
Normal view
MARC view
ISBD view
كتاب العفو والاعتذار / (Record no. 8856)
[
view plain
]
MARC details
000 -LEADER
fixed length control field
02027cam a22003971ia4500
003 - CONTROL NUMBER IDENTIFIER
control field
SA-RiAUC
005 - DATE AND TIME OF LATEST TRANSACTION
control field
20250611105048.0
008 - FIXED-LENGTH DATA ELEMENTS--GENERAL INFORMATION
fixed length control field
250605s1981 su g b f000 0 ara c
040 ## - CATALOGING SOURCE
Original cataloging agency
JO-IrYU
Language of cataloging
ara
Transcribing agency
SA-RiAUC
Description conventions
rda
050 14 - LIBRARY OF CONGRESS CALL NUMBER
Item number
.A2
050 #4 - LIBRARY OF CONGRESS CALL NUMBER
Item number
.I26 1981
050 #4 - LIBRARY OF CONGRESS CALL NUMBER
Item number
.R37 1981
082 04 - DEWEY DECIMAL CLASSIFICATION NUMBER
Classification number
212
Assigning agency
SA-RiAUC
090 ## - LOCALLY ASSIGNED LC-TYPE CALL NUMBER (OCLC); LOCAL CALL NUMBER (RLIN)
Classification number (OCLC) (R) ; Classification number, CALL (RLIN) (NR)
212
Local cutter number (OCLC) ; Book number/undivided call number, CALL (RLIN)
ر ق ا
100 1# - MAIN ENTRY--PERSONAL NAME
Personal name
الرقام القصري، محمد بن محمد بن عمران،
Dates associated with a name
توفي بعد 379 هجري
Relator term
مؤلف.
245 10 - TITLE STATEMENT
Title
كتاب العفو والاعتذار /
Statement of responsibility, etc.
أبو الحسن محمد بن عمران العبدي المعروف بالرقام القصري ؛ حققه وقدم له عبد القدوس أبو صالح.
246 30 - VARYING FORM OF TITLE
Title proper/short title
العفو والاعتذار
246 35 - VARYING FORM OF TITLE
Title proper/short title
Kitab al-afw wal itidar
250 ## - EDITION STATEMENT
Edition statement
الطبعة الأولى.
264 #1 - PRODUCTION, PUBLICATION, DISTRIBUTION, MANUFACTURE, AND COPYRIGHT NOTICE
Place of production, publication, distribution, manufacture
الرياض :
Name of producer, publisher, distributor, manufacturer
جامعة الإمام محمد بن سعود الإسلامية، إدارة الثقافة والنشر،
Date of production, publication, distribution, manufacture, or copyright notice
1981
300 ## - PHYSICAL DESCRIPTION
Extent
2 مجلد ؛
Dimensions
23 سم.
336 ## - CONTENT TYPE
Content type term
نص
Content type code
txt
Source
rdacontent
Materials specified
كتاب
337 ## - MEDIA TYPE
Media type term
بدون وسيط
Media type code
n
Source
rdamedia
338 ## - CARRIER TYPE
Carrier type term
مجلد
Carrier type code
nc
Source
rdacarrier
490 1# - SERIES STATEMENT
Series statement
إصدارات جامعة الإمام محمد بن سعود الإسلامية.
--
المجلس العلمي ؛
Volume/sequential designation
23
504 ## - BIBLIOGRAPHY, ETC. NOTE
Bibliography, etc. note
يشتمل على إرجاعات ببليوجرافية.
590 ## - LOCAL NOTE (RLIN)
Local note
عبد المنعم.
650 #7 - SUBJECT ADDED ENTRY--TOPICAL TERM
Topical term or geographic name entry element
العفو (فقه إسلامي)
Source of heading or term
aucsh
650 #7 - SUBJECT ADDED ENTRY--TOPICAL TERM
Topical term or geographic name entry element
الأخلاق الإسلامية
Form subdivision
أعمال مبكرة حتى 1800
Source of heading or term
aucsh
700 1# - ADDED ENTRY--PERSONAL NAME
Personal name
أبو صالح، عبد القدوس،
Dates associated with a name
1932-2022
Relator term
محقق.
700 12 - ADDED ENTRY--PERSONAL NAME
Personal name
الرقام القصري، محمد بن محمد بن عمران،
Dates associated with a name
توفي بعد 379 هجري.
Title of a work
كتاب العفو والاعتذار
830 #2 - SERIES ADDED ENTRY--UNIFORM TITLE
Uniform title
إصدارات جامعة الإمام محمد بن سعود الإسلامية.
Name of part/section of a work
المجلس العلمي
Volume/sequential designation
23
942 ## - ADDED ENTRY ELEMENTS (KOHA)
Source of classification or shelving scheme
Dewey Decimal Classification
Koha item type
Books
Suppress in OPAC
No
949 ## - LOCAL PROCESSING INFORMATION (OCLC)
a
SA-JeALM
d
250605
u
mohamedma123
n
1
Holdings
Withdrawn status
Lost status
Source of classification or shelving scheme
Materials specified (bound volume or other part)
Damaged status
Not for loan
Home library
Current library
Date acquired
Total checkouts
Full call number
Barcode
Date last seen
Price effective from
Koha item type
Dewey Decimal Classification
الجزء الثاني
DR AbdElwahab Library
DR AbdElwahab Library
06/11/2025
212 ر ق ا
000014536
06/11/2025
06/11/2025
Books
Dewey Decimal Classification
الجزء الاول
DR AbdElwahab Library
DR AbdElwahab Library
06/11/2025
212 ر ق ا
000014538
06/11/2025
06/11/2025
Books
Place hold
Print
Add to your cart
(remove)
Save record
BIBTEX
Dublin Core
MARCXML
MARC (non-Unicode/MARC-8)
MARC (Unicode/UTF-8)
MARC (Unicode/UTF-8, Standard)
MODS (XML)
RIS
ISBD
More searches
Search for this title in:
Other Libraries (WorldCat)
Other Databases (Google Scholar)
Online Stores (Bookfinder.com)
Open Library (openlibrary.org)
Exporting to Dublin Core...
×
Simple DC-RDF
OAI-DC
SRW-DC